Đánh giá hiệu quả tài chính rau an toàn ở thành phố Vĩnh Long : Luận văn tốt nghiệp Cao học ngành: Hệ thống Nông nghiệp

Đề tài "Đánh giá hiệu quả tài chính rau an toàn ở thành phố Vĩnh Long" nhằm so sánh hiệu quả tài chính và các yếu tố ảnh hưởng giữa hai mô hình trồng rau truyền thống (RTT) và theo hướng rau an toàn (RAT) từ đó đề xuất giải pháp ph...

詳細記述

保存先:
書誌詳細
第一著者: Phạm, Trung Chánh
フォーマット: 図書
言語:Undetermined
出版事項: Cần Thơ Trường Đại học Cần Thơ 2020
主題:
タグ: タグ追加
タグなし, このレコードへの初めてのタグを付けませんか!
Thư viện lưu trữ: Trung tâm Học liệu Trường Đại học Cần Thơ
LEADER 01322nam a2200241Ia 4500
001 CTU_237744
008 210402s9999 xx 000 0 und d
082 |a 338.16 
082 |b Ch107 
088 |a 8620118 
100 |a Phạm, Trung Chánh 
245 0 |a Đánh giá hiệu quả tài chính rau an toàn ở thành phố Vĩnh Long : 
245 0 |b Luận văn tốt nghiệp Cao học ngành: Hệ thống Nông nghiệp 
245 0 |c Phạm Trung Chánh ; Nguyễn Thanh Bình (hướng dẫn khoa học) 
260 |a Cần Thơ 
260 |b Trường Đại học Cần Thơ 
260 |c 2020 
520 |a Đề tài "Đánh giá hiệu quả tài chính rau an toàn ở thành phố Vĩnh Long" nhằm so sánh hiệu quả tài chính và các yếu tố ảnh hưởng giữa hai mô hình trồng rau truyền thống (RTT) và theo hướng rau an toàn (RAT) từ đó đề xuất giải pháp phù hợp cho viẹc phát triển bền vững kinh tế hộ trồng rau. 
650 |a Nông nghiệp,Agriculture 
650 |x Khía cạnh kinh tế,Economic aspects 
904 |i Hiếu 
910 |c tvtrong 
980 |a Trung tâm Học liệu Trường Đại học Cần Thơ